LEADER 00892nam0 2200277 450 001 9910288355703321 005 20181024093744.0 010 $a978-88-9357-007-7 100 $a20181024d2018---- km y0itay50 ba 101 0 $aita$aeng 102 $aIT 105 $aa 001yy 200 1 $a<< La >> biblioteca informa$edigital reference, information literacy, e-learning$eConvegno Milano 15-16 marzo 2018$escenari e tendenze$fAssociazione Biblioteche oggi 210 $aMilano$cFondazione Stelline$d2018 215 $a235 p.$cill.$d30 cm 300 $atesti in italiano ed in inglese 676 $a028.7 712 02$aAssociazione biblioteche oggi 712 02$aFondazione Stelline 801 0$aIT$bUNINA$gREICAT$2UNIMARC 901 $aBK 912 $a9910288355703321 952 $aBIB028.7A$b1601$fDECBC 959 $aDECBC 996 $aBiblioteca informa$91535090 997 $aUNINA LEADER 02268oam 2200637 450 001 9910705871003321 005 20170725084302.0 035 $a(CKB)5470000002453705 035 $a(OCoLC)891581391 035 $a(OCoLC)995470000002453705 035 $a(EXLCZ)995470000002453705 100 $a20140929d1970 ua 0 101 0 $aeng 135 $aurmn||||||||| 181 $ctxt$2rdacontent 182 $cc$2rdamedia 183 $acr$2rdacarrier 200 10$aChronology of emplacement of Mesozoic batholithic complexes in California and western Nevada /$fby J. F. Evernden and R. W. Kistler; prepared in cooperation with the University of California (Berkeley) Department of Geological Sciences 210 1$aWashington :$cUnited States Department of the Interior, Geological Survey,$d1970. 215 $a1 online resource (iv, 42 pages) $cillustrations, maps +$e2 plates 225 1 $aGeological Survey professional paper ;$v623 300 $aTitle from title screen (viewed September 24, 2014). 320 $aIncludes bibliographical references (pages 26-28). 606 $aBatholiths$zCalifornia 606 $aBatholiths$zNevada 606 $aGeology$zCalifornia 606 $aGeology$zNevada 606 $aGeology, Stratigraphic$yMesozoic 606 $aBatholiths$2fast 606 $aGeology$2fast 606 $aGeology, Stratigraphic$2fast 606 $aMesozoic Geologic Period$2fast 607 $aCalifornia$2fast 607 $aNevada$2fast 615 0$aBatholiths 615 0$aBatholiths 615 0$aGeology 615 0$aGeology 615 0$aGeology, Stratigraphic 615 7$aBatholiths. 615 7$aGeology. 615 7$aGeology, Stratigraphic. 615 7$aMesozoic Geologic Period. 700 $aEvernden$b J. F.$f1922-$01403195 702 $aKistler$b Ronald Wayne$f1931- 712 02$aGeological Survey (U.S.), 712 02$aUniversity of California, Berkeley.$bDepartment of Geological Sciences. 801 0$bCOP 801 1$bCOP 801 2$bOCLCO 801 2$bOCLCF 801 2$bGPO 906 $aBOOK 912 $a9910705871003321 996 $aChronology of emplacement of Mesozoic batholithic complexes in California and western Nevada$93475340 997 $aUNINA